000 00301nam a22001337a 4500
008 170905b xxu||||| |||| 00| 0 eng d
020 _a9780072312850
041 _aeng
080 _22ND
_a070
100 _a40
101 _aMED
245 _aESSENTIALS OF NEGOTIATION
_cLEWICKI.R.J
942 _2udc
_cBK
999 _c26178
_d26178